| 000 | 00440nam a22001697a 4500 | ||
|---|---|---|---|
| 003 | NUST - PNEC | ||
| 005 | 20170116181132.0 | ||
| 008 | 150829b xxu||||| |||| 00| 0 eng d | ||
| 020 | _a9788131726662 | ||
| 040 | _cLIBRARY | ||
| 082 | _a670.2855369 TIC | ||
| 100 |
_95988 _aTickoo, Sham |
||
| 245 |
_aCATIA for engineers & designers V5R13 _cSham,Tickoo |
||
| 260 | _cc 2009 | ||
| 650 |
_95989 _aComputer graphics _xME |
||
| 942 |
_2ddc _cBK |
||
| 999 |
_c70016 _d70016 |
||